| 000 | 01262nam a22003377a 4500 | ||
|---|---|---|---|
| 003 | CHAP | ||
| 005 | 20220329143653.0 | ||
| 008 | 101207s2009 mx r 00010 spa d | ||
| 010 | _a100089 | ||
| 011 | _a101061 | ||
| 035 | _a111747 | ||
| 040 | _cCHAP | ||
| 090 | _aTesis | ||
| 100 | 1 |
_aHernández Serrano, Joel Eduardo. _954616 |
|
| 245 | 1 | 0 |
_aRendimiento y composición química de la soya forrajera variedad salcer [Glycine max(l.) Merrill] henificada o ensilada a diferentes etapas fenológicas _c/por Joel Eduardo Hernández Serrano |
| 260 |
_aCocula, Gro. : _bEl autor, _c2009 |
||
| 300 |
_avi, 75 h. : _bilus., cuadros, gráfs. |
||
| 502 | _aTesis (Ing. Agr. Zootecnista) -- CSAEGRO. Centro de Estudios Profesionales | ||
| 590 |
_aALEPH _b10 _c20130110 _lUCH01 _h1538 |
||
| 590 |
_aBATCH-UPD _b10 _c20130110 _lUCH01 _h1446 |
||
| 590 |
_aBATCH-UPD _b10 _c20130410 _lUCH01 _h0915 |
||
| 590 |
_aBATCH-UPD _b10 _c20130914 _lUCH01 _h1611 |
||
| 590 |
_aCONVERSION _b10 _c20130109 _lUCH01 _h1355 |
||
| 650 | 1 | 4 |
_aSoya como forraje. _9109101 |
| 650 | 1 | 4 |
_aSoya _xProcesado. _9109080 |
| 650 | 1 | 4 |
_aSoya _xVariedades. _9109096 |
| 901 | _aBK | ||
| 911 | _aen proceso | ||
| 942 | _cTESIS | ||
| 949 |
_aTesis _bBC _cTES _d33724002226355 _eTS1 _gDonaciØn _h51599 _i111747 _sb |
||
| 999 |
_c100089 _d100089 |
||